[Event "Bundesliga 9495"]
[Site "Germany"]
[Date "1995.??.??"]
[Round "?.6"]
[White "Goldberg, Alexander"]
[Black "Floegel, Ulrich"]
[Result "1-0"]
[WhiteElo "2405"]
[BlackElo "2315"]
[PlyCount "115"]
[EventDate "1994.10.08"]
[EventType "team-tourn"]
[EventRounds "15"]
[EventCountry "GER"]
[SourceTitle "GER-chT"]
[Source "ChessBase"]
[SourceDate "1999.07.01"]
[SourceVersion "1"]
[SourceVersionDate "1999.07.01"]
[SourceQuality "1"]
[WhiteTeam "Dresden"]
[BlackTeam "Werder Bremen"]
[WhiteTeamCountry "GER"]
[BlackTeamCountry "GER"]

1. e4 Nf6 2. e5 Nd5 3. d4 d6 4. Nf3 Bg4 5. Be2 e6 6. 0-0 Nb6 7. c4 d5 8. c5 Bxf3 9. gxf3 Nc8 10. Nc3 Nc6 11. Rb1 N8e7 12. Bg5 Qd7 13. b4 Nf5 14. Be3 Be7 15. b5 Nd8 16. c6 Qc8 17. Bd3 Nh4 18. Kh1 Kf8 19. cxb7 Qxb7 20. f4 h5 21. f5 exf5 22. f4 Ne6 23. Bf2 c5 24. bxc6 Qxc6 25. Nb5 a6 26. Nd6 Bxd6 27. Bxh4 Be7 28. Bxe7+ Kxe7 29. Bxf5 g6 30. Bxe6 Qxe6 31. Rb7+ Kf8 32. f5 gxf5 33. Qd3 Rc8 34. Qa3+ Ke8 35. Rxf5 Rc1+ 36. Qxc1 Qxf5 37. Rb8+ Kd7 38. Rxh8 Qe4+ 39. Kg1 Qxd4+ 40. Kf1 Qd3+ 41. Ke1 Qe4+ 42. Kd1 Qg4+ 43. Kc2 Qc4+ 44. Kb1 Qb4+ 45. Qb2 Qe1+ 46. Kc2 Qe2+ 47. Kb3 Qb5+ 48. Kc3 Qc4+ 49. Kd2 Qf4+ 50. Ke1 Qe3+ 51. Qe2 Qg1+ 52. Kd2 Qd4+ 53. Kc2 Qa4+ 54. Kc3 d4+ 55. Kb2 Qb4+ 56. Kc1 Qc3+ 57. Qc2 Qa3+ 58. Kb1 1-0

[Event "Bundesliga 9596"]
[Site "Germany"]
[Date "1995.??.??"]
[Round "?.7"]
[White "Kestler, Hans Guenter"]
[Black "Floegel, Ulrich"]
[Result "1-0"]
[WhiteElo "2345"]
[BlackElo "2360"]
[PlyCount "87"]
[EventDate "1995.10.14"]
[EventType "team-tourn"]
[EventRounds "15"]
[EventCountry "GER"]
[SourceTitle "GER-chT"]
[Source "ChessBase"]
[SourceDate "1999.07.01"]
[SourceVersion "1"]
[SourceVersionDate "1999.07.01"]
[SourceQuality "1"]
[WhiteTeam "Bamberg"]
[BlackTeam "Werder Bremen"]
[WhiteTeamCountry "GER"]
[BlackTeamCountry "GER"]

1. e4 Nf6 2. e5 Nd5 3. d4 d6 4. Bc4 Nb6 5. Bb3 Bf5 6. exd6 cxd6 7. Nf3 e6 8. 0-0 Be7 9. a4 0-0 10. a5 N6d7 11. h3 a6 12. d5 e5 13. Nbd2 e4 14. Nd4 Bg6 15. Nc4 Nc5 16. Ba2 Nbd7 17. Bf4 Nf6 18. Nb6 Rb8 19. b4 Ncd7 20. Na4 Ne5 21. Nb6 Nfd7 22. Nxd7 Qxd7 23. Qd2 Bf6 24. Rac1 Rbc8 25. Bxe5 Bxe5 26. c4 Qe7 27. f4 exf3 28. Nxf3 Bg3 29. Bb3 Rfe8 30. Ba4 Rf8 31. Qd4 Qe4 32. c5 Bf4 33. Rce1 Qxd4+ 34. Nxd4 Bd2 35. cxd6 Bxb4 36. d7 Rb8 37. Re8 Bc5 38. Rd1 f6 39. Re6 Bb4 40. Nb3 Bc2 41. Rc1 Bxb3 42. Bxb3 Rfd8 43. d6 Kh8 44. Rc8 1-0

[Event "Bundesliga 9596"]
[Site "Germany"]
[Date "1995.??.??"]
[Round "?.7"]
[White "Pirrot, Dieter"]
[Black "Floegel, Ulrich"]
[Result "1-0"]
[WhiteElo "2400"]
[BlackElo "2360"]
[PlyCount "143"]
[EventDate "1995.10.14"]
[EventType "team-tourn"]
[EventRounds "15"]
[EventCountry "GER"]
[SourceTitle "GER-chT"]
[Source "ChessBase"]
[SourceDate "1999.07.01"]
[SourceVersion "1"]
[SourceVersionDate "1999.07.01"]
[SourceQuality "1"]
[WhiteTeam "Duisburg"]
[BlackTeam "Werder Bremen"]
[WhiteTeamCountry "GER"]
[BlackTeamCountry "GER"]

1. e4 Nf6 2. e5 Nd5 3. d4 d6 4. c4 Nb6 5. f4 dxe5 6. fxe5 Nc6 7. Be3 Bf5 8. Nc3 e6 9. Nf3 Bb4 10. Bd3 Na5 11. Bxf5 exf5 12. c5 Bxc3+ 13. bxc3 Nbc4 14. Bf4 Qd5 15. 0-0 0-0-0 16. Qc2 g6 17. Bg5 Rde8 18. Rfe1 h6 19. Bf4 Re6 20. h4 b6 21. Rad1 bxc5 22. Qf2 Rd8 23. Bxh6 Rd7 24. Bf4 Ra6 25. dxc5 Qxd1 26. Rxd1 Rxd1+ 27. Kh2 Re6 28. Nd4 Nxe5 29. Bxe5 Rxe5 30. Qf3 Rxd4 31. cxd4 Re4 32. d5 Nc4 33. Qc3 Ne5 34. c6 f6 35. Kg1 Ng4 36. g3 Kd8 37. Qc5 a5 38. Qa7 Re1+ 39. Kg2 Re2+ 40. Kf1 Rb2 41. Qa8+ Ke7 42. Qxa5 Rf2+ 43. Ke1 Kd6 44. Qa8 Kxd5 45. Qe8 Rc2 46. Kd1 Rxc6 47. Qxg6 Kd4 48. Qe8 Ne3+ 49. Ke2 Rc2+ 50. Kf3 Ng4 51. Qa4+ Rc4 52. Qd7+ Ke5 53. Qe7+ Kd5 54. Qd7+ Ke5 55. Qd3 Rd4 56. Qc3 Kd5 57. Qxc7 Ne5+ 58. Ke2 f4 59. Qb7+ Ke6 60. Qb6+ Kd5 61. Qb7+ Ke6 62. Qc8+ Kd5 63. Qg8+ Ke4 64. gxf4 Kxf4 65. h5 Ng4 66. Qb3 f5 67. a4 Re4+ 68. Kd2 Ne5 69. h6 Nf3+ 70. Kc1 Nd4 71. Qb8+ Ke3 72. h7 1-0

[Event "BL2-Nord 9394"]
[Site "Germany"]
[Date "1994.??.??"]
[Round "?.5"]
[White "Bauer, Reinhard"]
[Black "Floegel, Ulrich"]
[Result "0-1"]
[WhiteElo "2310"]
[BlackElo "2275"]
[PlyCount "86"]
[EventDate "1993.10.??"]
[EventType "team-tourn"]
[EventRounds "9"]
[EventCountry "GER"]
[SourceTitle "GER-chT2"]
[Source "ChessBase"]
[SourceDate "1999.07.01"]
[SourceVersion "1"]
[SourceVersionDate "1999.07.01"]
[SourceQuality "1"]
[WhiteTeam "Hameln"]
[BlackTeam "Werder Bremen"]
[WhiteTeamCountry "GER"]
[BlackTeamCountry "GER"]

1. d4 Nf6 2. Nc3 d5 3. Bg5 Nbd7 4. Nf3 h6 5. Bh4 e6 6. e3 c5 7. Bd3 c4 8. Be2 Bb4 9. 0-0 Bxc3 10. bxc3 Qa5 11. Qe1 g5 12. Bg3 Ne4 13. Nd2 Nxg3 14. fxg3 Qxc3 15. e4 Qxd4+ 16. Kh1 dxe4 17. Nxc4 0-0 18. Rd1 Qc5 19. Nd6 f5 20. Bc4 Ne5 21. Bb3 Kg7 22. Qd2 e3 23. Qe2 Bd7 24. Nxb7 Qb6 25. Nd6 Rad8 26. Rfe1 f4 27. gxf4 gxf4 28. Qh5 Ng6 29. Nc4 Qc7 30. Rd6 Rf5 31. Qd1 Rd5 32. Rxd5 exd5 33. Qd4+ Kh7 34. Nb2 Bf5 35. Nd3 Be4 36. Nc5 Qe7 37. Nxe4 dxe4 38. Qc4 f3 39. h3 e2 40. Kg1 Rf8 41. gxf3 exf3 42. Kf2 Nf4 43. Kg3 f2 0-1

[Event "BL2-Nord 9394"]
[Site "Germany"]
[Date "1994.??.??"]
[Round "?.5"]
[White "Floegel, Ulrich"]
[Black "Apel, Stefan"]
[Result "1/2-1/2"]
[WhiteElo "2275"]
[BlackElo "2290"]
[PlyCount "51"]
[EventDate "1993.10.??"]
[EventType "team-tourn"]
[EventRounds "9"]
[EventCountry "GER"]
[SourceTitle "GER-chT2"]
[Source "ChessBase"]
[SourceDate "1999.07.01"]
[SourceVersion "1"]
[SourceVersionDate "1999.07.01"]
[SourceQuality "1"]
[WhiteTeam "Werder Bremen"]
[BlackTeam "Neukoelln"]
[WhiteTeamCountry "GER"]
[BlackTeamCountry "GER"]

1. e4 c5 2. Nf3 Nc6 3. Bb5 g6 4. Bxc6 bxc6 5. 0-0 Bg7 6. c3 Nf6 7. Re1 0-0 8. e5 Nd5 9. d4 cxd4 10. cxd4 Rb8 11. Nc3 Qa5 12. Ne4 f6 13. b3 fxe5 14. Nxe5 Qb6 15. Bb2 Bh6 16. Ng4 Bg7 17. Ne3 Qd8 18. Nxd5 cxd5 19. Nc5 Rb6 20. Qe2 Rbf6 21. f3 e6 22. Nd3 Ba6 23. Qd2 Rf5 24. Ne5 Rh5 25. Ba3 Bh6 26. Qf2 1/2-1/2

[Event "Bundesliga 9495"]
[Site "Germany"]
[Date "1994.??.??"]
[Round "?.6"]
[White "Floegel, Ulrich"]
[Black "Brendel, Oliver"]
[Result "1/2-1/2"]
[WhiteElo "2275"]
[BlackElo "2370"]
[PlyCount "56"]
[EventDate "1994.10.08"]
[EventType "team-tourn"]
[EventRounds "15"]
[EventCountry "GER"]
[SourceTitle "GER-chT"]
[Source "ChessBase"]
[SourceDate "1999.07.01"]
[SourceVersion "1"]
[SourceVersionDate "1999.07.01"]
[SourceQuality "1"]
[WhiteTeam "Werder Bremen"]
[BlackTeam "Zaehringen"]
[WhiteTeamCountry "GER"]
[BlackTeamCountry "GER"]

1. e4 c5 2. Nf3 g6 3. Bc4 Bg7 4. c3 Nc6 5. d4 cxd4 6. cxd4 d6 7. Nc3 Nf6 8. h3 0-0 9. Bb3 e5 10. 0-0 exd4 11. Nxd4 Re8 12. Nxc6 bxc6 13. Bg5 Be6 14. Bc2 Qb6 15. Rb1 d5 16. Bxf6 Bxf6 17. exd5 Bxd5 18. Nxd5 cxd5 19. Qxd5 Rad8 20. Qf3 Rd2 21. Bb3 Kg7 22. Rbd1 Red8 23. Rxd2 Rxd2 24. g3 Rd7 25. Kg2 Bxb2 26. Rd1 Re7 27. h4 h5 28. Rd5 Qf6 1/2-1/2

[Event "Bundesliga 9495"]
[Site "Germany"]
[Date "1994.??.??"]
[Round "?.6"]
[White "Luecke, Norbert"]
[Black "Floegel, Ulrich"]
[Result "1-0"]
[WhiteElo "2410"]
[BlackElo "2275"]
[PlyCount "105"]
[EventDate "1994.10.08"]
[EventType "team-tourn"]
[EventRounds "15"]
[EventCountry "GER"]
[SourceTitle "GER-chT"]
[Source "ChessBase"]
[SourceDate "1999.07.01"]
[SourceVersion "1"]
[SourceVersionDate "1999.07.01"]
[SourceQuality "1"]
[WhiteTeam "Bochum"]
[BlackTeam "Werder Bremen"]
[WhiteTeamCountry "GER"]
[BlackTeamCountry "GER"]

1. e4 Nf6 2. e5 Nd5 3. d4 d6 4. Nf3 Bg4 5. Be2 e6 6. 0-0 Nb6 7. c4 d5 8. c5 Bxf3 9. Bxf3 Nc8 10. b4 a6 11. Be2 g6 12. Bd2 Ne7 13. a4 Bg7 14. Bc3 b6 15. cxb6 cxb6 16. Nd2 0-0 17. b5 a5 18. Bb2 Nd7 19. Bd3 Nf5 20. Qe2 f6 21. Bxf5 gxf5 22. exf6 Qxf6 23. Rac1 Bh6 24. Rc6 Rae8 25. Nf3 Bf4 26. Re1 Kf7 27. Bc1 Bxc1 28. Rexc1 Rg8 29. g3 Re7 30. Rc7 h5 31. R1c6 Rg4 32. Qd2 f4 33. Rxd7 Rxd7 34. Ne5+ Ke7 35. Nxg4 hxg4 36. Qxf4 Qxf4 37. gxf4 Rb7 38. Kg2 Kf6 39. f3 gxf3+ 40. Kxf3 Kf5 41. Rc8 Rh7 42. Rf8+ Kg6 43. Kg3 Rc7 44. f5+ exf5 45. Rb8 Rc4 46. Rxb6+ Kg5 47. h4+ Kh5 48. Rb8 Kh6 49. b6 Kh7 50. b7 Rb4 51. h5 Kg7 52. h6+ Kh7 53. Kf3 1-0

[Event "BL2-Nord 9293"]
[Site "Germany"]
[Date "1993.??.??"]
[Round "?.5"]
[White "Floegel, Ulrich"]
[Black "Feick, Stefan"]
[Result "0-1"]
[WhiteElo "2275"]
[BlackElo "2265"]
[PlyCount "71"]
[EventDate "1992.10.??"]
[EventType "team-tourn"]
[EventRounds "9"]
[EventCountry "GER"]
[SourceTitle "GER-chT2"]
[Source "ChessBase"]
[SourceDate "1999.07.01"]
[SourceVersion "1"]
[SourceVersionDate "1999.07.01"]
[SourceQuality "1"]
[WhiteTeam "Werder Bremen"]
[BlackTeam "Lasker Steglitz"]
[WhiteTeamCountry "GER"]
[BlackTeamCountry "GER"]

1. e4 e6 2. d3 c5 3. Nf3 Nc6 4. Nbd2 d5 5. g3 g6 6. Bg2 Bg7 7. 0-0 Nge7 8. Re1 b6 9. e5 h6 10. h4 a5 11. Nf1 Qc7 12. Bf4 Bb7 13. c3 d4 14. cxd4 Nxd4 15. Nxd4 Bxg2 16. Nxe6 fxe6 17. Kxg2 0-0-0 18. Qf3 Kb8 19. Re4 Nc6 20. a3 Rd5 21. b4 g5 22. hxg5 hxg5 23. Bxg5 Nxe5 24. Qe3 Ng4 25. Rxg4 Bxa1 26. bxa5 bxa5 27. Qe4 Qh7 28. Bf4+ Ka7 29. Qxh7+ Rxh7 30. Rg6 Rxd3 31. Rxe6 Rxa3 32. Rc6 Bd4 33. Be3 Rc3 34. g4 Rg7 35. Kf3 a4 36. Ke4 0-1

[Event "BL2-Sued-West 9091"]
[Site "Germany"]
[Date "1991.??.??"]
[Round "?.3"]
[White "Thiel, Thomas"]
[Black "Floegel, Ulrich"]
[Result "0-1"]
[WhiteElo "2220"]
[BlackElo "2275"]
[PlyCount "70"]
[EventDate "1990.10.??"]
[EventType "team-tourn"]
[EventRounds "9"]
[EventCountry "GER"]
[SourceTitle "GER-chT2"]
[Source "ChessBase"]
[SourceDate "1999.07.01"]
[SourceVersion "1"]
[SourceVersionDate "1999.07.01"]
[SourceQuality "1"]
[WhiteTeam "Karlsruhe"]
[BlackTeam "Giessen"]
[WhiteTeamCountry "GER"]
[BlackTeamCountry "GER"]

1. e4 g6 2. d4 Bg7 3. Nc3 c6 4. Bc4 b5 5. Bb3 a5 6. Qf3 e6 7. e5 a4 8. Ne4 Bf8 9. Bg5 Qa5+ 10. Bd2 Qc7 11. Nh3 h6 12. 0-0 Bb7 13. c4 axb3 14. axb3 Rxa1 15. Rxa1 c5 16. Ba5 Qc8 17. d5 exd5 18. cxd5 Bxd5 19. Nf4 Bxe4 20. Qxe4 Ne7 21. e6 Bg7 22. exf7+ Kxf7 23. Nd5 Nbc6 24. Qf3+ Kg8 25. Nxe7+ Nxe7 26. Qe4 Kf7 27. Qf3+ Bf6 28. h4 Qc6 29. Qg3 Nf5 30. Qh3 h5 31. Rd1 Re8 32. Bc3 Bd4 33. b4 Re2 34. Bxd4 cxd4 35. Qb3+ Qe6 0-1